[Event "11th LCC FIDE Open 2019"]
[Site "London"]
[Date "2019.11.29"]
[Round "1.31"]
[White "Cox, John J"]
[Black "Mata, Adilson"]
[Result "1-0"]
[WhiteElo "2306"]
[BlackElo "1928"]
[Annotator "TA"]
[PlyCount "124"]
[EventDate "2019.11.29"]
[EventType "swiss"]
[EventCountry "ENG"]
[SourceTitle "playchess.com"]
[Source "ChessBase"]
[SourceQuality "1"]

{[%evp 14,124,17,20,15,11,12,18,19,11,17,16,27,24,29,17,22,12,47,14,90,85,78,85,68,70,64,43,130,95,110,87,91,81,87,0,64,50,66,51,77,80,75,63,113,90,148,91,137,107,150,129,127,114,147,139,168,142,140,31,32,25,17,17,44,43,37,0,0,0,0,0,0,0,0,0,0,0,252,253,258,200,338,332,372,127,127,127,127,134,134,155,12831,9447,12837,12837,12837,12837,12840,12840,12841,12842,12843,12841,12842,12843,12846,12843,12846,12846,12848,12848,12851]} 1. c4 Nf6 2. g3 e6 3. Bg2 d5 4. Nf3 c5 5. O-O d4 6. e3 Nc6 7. exd4 cxd4 8. d3 Bd6 {A13: English Opening: 1...e6} 9. Bg5 (9. Na3 O-O 10. Nc2 e5 11. b4 a6 12. c5 Bc7 13. a4 e4 14. dxe4 d3 15. Nce1 Nxb4 16. Ba3 {½-½ (35) Anton Guijarro,D (2678)-Wang,H (2725) Changsha 2019}) 9... h6 10. Bxf6 $1 Qxf6 {The position is equal.} 11. Nbd2 O-O 12. Ne4 Qe7 13. Nxd6 Qxd6 14. a3 a5 $1 15. Rc1 {[%cal Ba1c1,Bc1c4,Bc4b4][%mdl 32]} a4 $146 ({Predecessor:} 15... e5 16. c5 {0-1 (41) Grigoriants,S (2568)-Haria,R (2424) Reykjavik 2018}) 16. Nd2 (16. c5 $5 {[%cal Rc5d6]} Qe7 17. Re1 $11) 16... f5 (16... Qc7 $11) 17. c5 $16 Qe7 18. Bxc6 bxc6 19. Re1 Ra5 20. Rc4 Qb7 ({Better is} 20... Rxc5 $14 21. Qxa4 (21. Rxd4 Qf6 $14) 21... f4) 21. Rb4 Qa7 22. Nc4 Rxc5 23. Rxa4 Qb8 24. Qf3 (24. b4 $16 Rb5 25. Ra5) 24... e5 (24... f4 $1 $11 25. g4 h5) 25. b4 Rd5 26. Ra5 e4 27. dxe4 fxe4 28. Qxe4 Qb7 29. Qe7 Rd7 (29... Qxe7 $142 30. Rxe7 Rxa5 31. Nxa5 Rd8) 30. Qe5 ({White should play} 30. Qe2) 30... d3 31. Qe3 Rfd8 32. Nd2 Rf7 33. Re5 Bf5 34. Qc5 Bg6 35. Re6 Kh7 36. Qxc6 (36. Rxc6 $16 {Hoping for a4.} Qa8 37. b5) 36... Qa7 $14 37. Qb6 Qxb6 38. Rxb6 Ra7 39. Ree6 Bf5 $1 {[%cal Rf5e6]} 40. Re5 Bh3 41. f3 Rxa3 {Threatens to win with ...Ra2.} 42. Re1 Ra2 43. Rd1 Re8 {White must now prevent ...Re2.} 44. Rd6 $1 $36 {[%mdl 2048] Black is under pressure.} Re3 45. g4 h5 $2 {[%mdl 8192]} (45... Rb2 $11 {and Black stays safe.}) 46. Ne4 $18 {Threatening mate with Ng5+.} ({Less strong is} 46. gxh5 Re2 $14) 46... Rg2+ {[#]} 47. Kh1 $1 {Intending Ng5+ and mate.} Rxe4 (47... Rxg4 $142 48. fxg4 Rxe4 49. gxh5 Rxb4 50. R1xd3 Bg4) 48. fxe4 Rxg4 {And now ...Bg2+ would win.} 49. R6xd3 $2 {[%mdl 4096] Endgame KRR-KRB} (49. R1xd3 $18 {is the precise move to win.} Bg2+ 50. Kg1) 49... Bg2+ $16 50. Kg1 {aiming for Rg3.} Bf3+ 51. Kf2 Bxd1 52. Rxd1 Rxe4 $2 {[#] KR-KR} (52... Rh4 $16) 53. Rb1 $1 $18 {White is clearly winning.} Re6 54. b5 {[%cal Bb4b5,Bb5b6,Bb6b7][%mdl 32]} Rb6 55. Ke3 g5 56. Kd4 Kg6 57. Kc5 Rb8 58. Kc6 g4 59. b6 h4 60. Rb5 Kh6 61. b7 g3 62. hxg3 hxg3 {Accuracy: White = 57%, Black = 50%.} 1-0

[Event "11th LCC FIDE Open 2019"]
[Site "London"]
[Date "2019.11.29"]
[Round "1.32"]
[White "Nelson, Omowale A"]
[Black "Risting, Eivind Olav"]
[Result "0-1"]
[WhiteElo "1924"]
[BlackElo "2298"]
[Annotator "TA"]
[PlyCount "116"]
[EventDate "2019.11.29"]
[EventType "swiss"]
[EventCountry "ENG"]
[SourceTitle "playchess.com"]
[Source "ChessBase"]
[SourceQuality "1"]

{[%evp 11,116,0,8,0,0,0,6,-19,-9,-39,5,-28,-19,-68,-58,-68,-37,-25,-29,-44,-58,-73,-74,-124,-80,-63,-62,-93,-93,-132,-138,-137,-131,-132,-109,-79,-72,-93,-47,-66,-58,-49,-52,-59,-55,-187,-185,-188,-247,-216,-164,-170,-79,-244,-77,-190,0,0,-19,-37,-35,-79,0,0,0,0,0,-97,-122,-122,0,0,0,-218,0,0,0,0,0,0,120,120,265,236,283,-302,-293,-5265,-5193,-1307,-1250,-2731,-1681,-1194,-8,-8,0,0,0,0,0,0,0,-29972,-29971,-5196,-5189]} 1. d4 Nf6 2. c4 e6 3. g3 d5 4. Nf3 dxc4 5. Bg2 Bd7 6. Qc2 c5 7. O-O {E04: Open Catalan: 5 Nf3} (7. Qxc4 Bc6 8. dxc5 Nbd7 9. Be3 Bd5 10. Qa4 Bc6 11. Qc4 Bd5 12. Qa4 Bc6 13. Qc4 Bd5 {½-½ (13) Leko,P (2690)-Harikrishna,P (2733) Porto Carras 2018}) 7... Bc6 8. Rd1 Nbd7 9. Qxc4 {The position is equal.} b5 $146 ({Predecessor:} 9... Rc8 10. Bg5 cxd4 11. Bxf6 gxf6 12. Qxd4 Bc5 13. Qd2 Qb6 {1-0 (107) Korpa,B (2415)-Horvath,C (2560) Zalakaros 2014}) 10. Qc2 Qb6 11. e3 Qb7 $36 {[%mdl 2048] Black fights for an advantage.} 12. Ne1 Bxg2 13. Nxg2 cxd4 14. exd4 Be7 15. Nc3 O-O 16. Ne3 b4 17. Ne2 Nb6 18. Nf4 Rfd8 19. Qb3 a5 20. a4 Rac8 21. Nf1 Qe4 22. Be3 Nfd5 23. Nd2 Qc2 24. Nxd5 exd5 25. Rac1 Qxc1 26. Rxc1 Rxc1+ 27. Kg2 Nc4 28. Nf3 (28. h4 $15) 28... Rb1 $19 29. Bf4 Rxb2 30. Qd3 Ra2 31. Ne5 Ra3 ({Weaker is} 31... Rxa4 32. Nc6 $11) (31... Nxe5 $19 {has better winning chances.} 32. Bxe5 Rc8) 32. Qf5 $2 (32. Qe2 $17 Nxe5 33. Qxe5) 32... Nxe5 $2 (32... Nd6 $1 $19 {[%cal Rd6f5]} 33. Qc2 Rc3) 33. dxe5 (33. Qxe5 $17 {was the only chance.} Bf6 34. Qc7) 33... Rc3 $2 ({Worse is} 33... Rxa4 34. e6 $11) (33... g6 $19 34. Qc2 Rc3) 34. e6 $11 f6 {Threatens to win with ...b3.} 35. Qh5 $1 {[%cal Rh5f7] Strongly threatening Qf7+.} g6 36. Qe2 $1 Rc6 ({Black should play} 36... Rc4 $17 {White must now prevent ...b3.} 37. Qe3 Rc5) 37. Qb5 Rxe6 38. Qxa5 d4 39. Bd2 (39. Bc7 $11 Rc8 40. Qd5) 39... d3 $1 $17 40. Bxb4 Rd7 ({Black should try} 40... Re5 $17 41. Qc7 d2 42. Bxe7 d1=Q 43. Qxd8+ Qxd8 44. Bxd8 Kf7) 41. Bd2 Re2 42. Qc3 $2 {[#]} (42. Qb5 $11 Rd8 43. Bh6) 42... Kg7 $2 (42... Rxd2 $1 $19 {[%mdl 512]} 43. Qxd2 Kg7) 43. Qc6 $1 $11 {[%cal Rc6d7]} Rd8 44. Qc7 Kf8 45. Qc3 Rxd2 (45... Rd6 $11 {keeps the balance.}) 46. Qxd2 {[%mdl 4096] Endgame KQ-KRB} Kg7 (46... Rd7 $16 {might work better.}) 47. Kf1 $1 $18 Rd4 {White should prevent ...Bb4.} 48. f3 $4 {[%mdl 8192]} (48. Qe3 $1 $18 {[%cal Re3d4] was the only winning move.} Bc5 49. Ke1) 48... Bb4 $1 $19 {[%cal Rb4d2]} 49. Qe3 $2 (49. Qd1) 49... Rd7 50. Qe6 Re7 $1 {[%cal Re7e6]} 51. Qd5 d2 52. Kf2 {[#]} h5 $2 (52... Bc5+ $1 $19 {[%mdl 512]} 53. Kg2 (53. Qxc5 Rd7) 53... Re2+ 54. Kh3 Bb4 55. Qb7+ Re7 56. Qxb4 Rd7) 53. h4 $1 $11 Re1 54. Qd7+ Kh6 55. Qd8 {[%cal Rd8h8]} Kg7 ({Much weaker is} 55... Bc5+ $6 56. Kg2 $1 $16 {[%mdl 512]}) (55... Kh7 $5 56. Qd7+ $8 Kh6 $11) 56. Qd7+ $1 Re7 57. Qd4 $2 {[%mdl 8192] [#]} (57. Qd8 $11) 57... Bc5 $1 {[%mdl 576] Deflection, Promotion} 58. Qxc5 Rd7 {Accuracy: White = 45%, Black = 52%.} 0-1

[Event "11th LCC FIDE Open 2019"]
[Site "London"]
[Date "2019.11.29"]
[Round "1.33"]
[White "Wu, Li"]
[Black "Rogacewicz, Mikolaj"]
[Result "1/2-1/2"]
[WhiteElo "2293"]
[BlackElo "1921"]
[Annotator "ChessBase"]
[PlyCount "63"]
[EventDate "2019.11.29"]
[EventType "swiss"]
[EventCountry "ENG"]
[SourceTitle "playchess.com"]
[Source "ChessBase"]
[SourceQuality "1"]
[TimeControl "40/5400+30:1800+30"]

1. Nf3 {[%emt 0:00:00]} Nf6 {[%emt 0:00:00]} 2. g3 {[%emt 0:00:05]} b6 {[%emt 0:02:10]} 3. Bg2 {[%emt 0:00:14]} Bb7 {[%emt 0:00:11]} 4. O-O {[%emt 0:00:51]} e6 {[%emt 0:00:45]} 5. c4 {[%emt 0:06:43]} Be7 {[%emt 0:01:39]} 6. b3 {[%emt 0:03:59]} O-O {[%emt 0:01:23]} 7. Bb2 {[%emt 0:00:14]} d5 {[%emt 0:06:22]} 8. cxd5 {[%emt 0:02:57]} Nxd5 {[%emt 0:02:12]} 9. d4 {[%emt 0:06:01]} Nd7 {[%emt 0:05:25]} 10. Nbd2 {[%emt 0:12:32]} c5 {[%emt 0:03:26]} 11. Nc4 {[%emt 0:07:00]} Rc8 {[%emt 0:09:44]} 12. Rc1 {[%emt 0:09:21]} b5 {[%emt 0:07:58]} 13. Nce5 {[%emt 0:00:27]} Nxe5 {[%emt 0:03:00]} 14. Nxe5 {[%emt 0:00:07]} f6 {[%emt 0:01:07]} 15. Nd3 {[%emt 0:03:30]} c4 {[%emt 0:02:52]} 16. bxc4 {[%emt 0:02:47]} bxc4 {[%emt 0:03:29]} 17. Nc5 {[%emt 0:01:22]} Bxc5 {[%emt 0:07:14]} 18. dxc5 {[%emt 0:00:04]} Qa5 {[%emt 0:01:47]} 19. Rxc4 {[%emt 0:03:24]} Rxc5 {[%emt 0:05:37]} 20. Rxc5 {[%emt 0:05:10]} Qxc5 {[%emt 0:00:09]} 21. e4 {[%emt 0:09:02]} Nb6 {[%emt 0:03:00]} 22. Qb3 {[%emt 0:01:33]} Qc4 {[%emt 0:02:48]} 23. Rc1 {[%emt 0:02:38]} Qxb3 {[%emt 0:02:19]} 24. axb3 {[%emt 0:00:03]} Rd8 {[%emt 0:02:42]} 25. f3 {[%emt 0:05:49]} Rd3 {[%emt 0:05:29]} 26. Bh3 {[%emt 0:03:54]} Bc8 {[%emt 0:04:04]} 27. f4 {[%emt 0:04:59]} Kf7 {[%emt 0:03:00]} 28. Bc3 {[%emt 0:00:58]} Bb7 {[%emt 0:04:09]} 29. Bf1 {[%emt 0:03:56]} Rd7 {[%emt 0:01:24]} 30. Bg2 {[%emt 0:00:30]} f5 {[%emt 0:00:55]} 31. exf5 {[%emt 0:00:08]} exf5 {[%emt 0:00:23]} 32. Bxb7 {[%emt 0:00:33]} 1/2-1/2

[Event "11th LCC FIDE Open 2019"]
[Site "London"]
[Date "2019.11.29"]
[Round "1.34"]
[White "Dias, Savin"]
[Black "Van Zyl-Rudd, Jack"]
[Result "0-1"]
[WhiteElo "1916"]
[BlackElo "2290"]
[Annotator "ChessBase"]
[PlyCount "80"]
[EventDate "2019.11.29"]
[EventType "swiss"]
[EventCountry "ENG"]
[SourceTitle "playchess.com"]
[Source "ChessBase"]
[SourceQuality "1"]
[TimeControl "40/5400+30:1800+30"]

1. e4 {[%emt 0:00:00]} Nc6 {[%emt 0:00:00]} 2. d4 {[%emt 0:00:00]} d5 {[%emt 0:00:10]} 3. e5 {[%emt 0:00:00]} Bf5 {[%emt 0:00:07]} 4. Nf3 {[%emt 0:00:54]} e6 {[%emt 0:00:08]} 5. Bd3 {[%emt 0:01:32]} Nge7 {[%emt 0:00:08]} 6. Bg5 {[%emt 0:03:20]} h6 {[%emt 0:06:34]} 7. Bxf5 {[%emt 0:07:57]} hxg5 {[%emt 0:00:09]} 8. Bd3 {[%emt 0:03:54]} g4 {[%emt 0:01:58]} 9. Nfd2 {[%emt 0:07:13]} g3 {[%emt 0:02:25]} 10. fxg3 {[%emt 0:00:55]} Nxd4 {[%emt 0:01:31]} 11. O-O {[%emt 0:01:49]} Nef5 {[%emt 0:14:53]} 12. Bxf5 {[%emt 0:01:20]} Nxf5 {[%emt 0:00:23]} 13. Qf3 {[%emt 0:03:15]} Bc5+ {[%emt 0:08:40]} 14. Kh1 {[%emt 0:00:07]} Qg5 {[%emt 0:00:28]} 15. g4 {[%emt 0:03:44]} Qh4 {[%emt 0:01:39]} 16. Qh3 {[%emt 0:00:48]} Ne3 {[%emt 0:01:24]} 17. Qxh4 {[%emt 0:00:47]} Rxh4 {[%emt 0:00:06]} 18. Rc1 {[%emt 0:01:00]} Nxg4 {[%emt 0:01:21]} 19. Nf3 {[%emt 0:01:04]} Rh5 {[%emt 0:01:05]} 20. h3 {[%emt 0:00:43]} Nxe5 {[%emt 0:00:06]} 21. Nxe5 {[%emt 0:00:36]} Rxe5 {[%emt 0:00:06]} 22. Nc3 {[%emt 0:02:18]} d4 {[%emt 0:01:08]} 23. Nb5 {[%emt 0:01:05]} O-O-O {[%emt 0:00:45]} 24. Rd1 {[%emt 0:02:08]} a6 {[%emt 0:00:13]} 25. Na3 {[%emt 0:00:06]} Bxa3 {[%emt 0:00:01]} 26. bxa3 {[%emt 0:00:07]} Re2 {[%emt 0:00:04]} 27. Rac1 {[%emt 0:00:39]} Rd5 {[%emt 0:00:12]} 28. Rf1 {[%emt 0:00:24]} f6 {[%emt 0:00:08]} 29. Rf3 {[%emt 0:00:16]} Rc5 {[%emt 0:00:14]} 30. Rg3 {[%emt 0:00:18]} g5 {[%emt 0:00:05]} 31. Rf3 {[%emt 0:00:05]} Rcxc2 {[%emt 0:00:18]} 32. Rg1 {[%emt 0:00:13]} f5 {[%emt 0:00:24]} 33. Rg3 {[%emt 0:00:07]} Rxa2 {[%emt 0:00:09]} 34. Rxg5 {[%emt 0:00:03]} d3 {[%emt 0:00:06]} 35. Rg8+ {[%emt 0:01:13]} Kd7 {[%emt 0:00:06]} 36. Rd1 {[%emt 0:01:33]} d2 {[%emt 0:00:03]} 37. Kh2 {[%emt 0:00:06]} Re1 {[%emt 0:00:04]} 38. Rxd2+ {[%emt 0:00:02]} Rxd2 {[%emt 0:00:06]} 39. h4 {[%emt 0:00:03]} Re4 {[%emt 0:00:05]} 40. Kg3 {[%emt 0:00:13]} Rd3+ {[%emt 0:00:15] Rg5} 0-1

[Event "11th LCC FIDE Open 2019"]
[Site "London"]
[Date "2019.11.29"]
[Round "1.35"]
[White "Cumming, Rhys"]
[Black "Phillips, Owen S"]
[Result "1-0"]
[WhiteElo "2284"]
[BlackElo "1902"]
[Annotator "ChessBase"]
[PlyCount "77"]
[EventDate "2019.11.29"]
[EventType "swiss"]
[EventCountry "ENG"]
[SourceTitle "playchess.com"]
[Source "ChessBase"]
[SourceQuality "1"]
[TimeControl "40/5400+30:1800+30"]

1. e4 {[%emt 0:00:00]} e6 {[%emt 0:00:00]} 2. d4 {[%emt 0:00:00]} d5 {[%emt 0:00:00]} 3. Nd2 {[%emt 0:01:07]} e5 {[%emt 0:00:06]} 4. dxe5 {[%emt 0:05:33]} dxe4 {[%emt 0:00:12]} 5. Qe2 {[%emt 0:07:57]} Qd5 {[%emt 0:03:08]} 6. Qxe4 {[%emt 0:03:17]} Qxe4+ {[%emt 0:00:16]} 7. Nxe4 {[%emt 0:00:05]} Nc6 {[%emt 0:02:22]} 8. Bf4 {[%emt 0:14:01]} Nge7 {[%emt 0:06:36]} 9. Nf3 {[%emt 0:10:32]} Ng6 {[%emt 0:10:38]} 10. Bg3 {[%emt 0:01:02]} Bb4+ {[%emt 0:04:39]} 11. c3 {[%emt 0:01:45]} Be7 {[%emt 0:01:00]} 12. Bd3 {[%emt 0:04:37]} Bg4 {[%emt 0:01:48]} 13. Ned2 {[%emt 0:04:35]} O-O-O {[%emt 0:01:49]} 14. Bc2 {[%emt 0:07:32]} Rd7 {[%emt 0:15:28]} 15. h3 {[%emt 0:07:07]} Be6 {[%emt 0:00:23]} 16. Nb3 {[%emt 0:05:52]} Kb8 {[%emt 0:02:55]} 17. O-O {[%emt 0:01:25]} Bd5 {[%emt 0:06:04]} 18. Nbd4 {[%emt 0:01:20]} Bc5 {[%emt 0:01:50]} 19. Ba4 {[%emt 0:03:43]} Bxd4 {[%emt 0:09:35]} 20. Nxd4 {[%emt 0:00:38]} Rdd8 {[%emt 0:03:32]} 21. Nxc6+ {[%emt 0:00:25]} bxc6 {[%emt 0:01:44]} 22. Rfd1 {[%emt 0:02:57]} h5 {[%emt 0:03:07]} 23. Rd2 {[%emt 0:02:13]} h4 {[%emt 0:00:44]} 24. Bh2 {[%emt 0:00:02]} Kb7 {[%emt 0:05:04]} 25. Rad1 {[%emt 0:01:54]} Rdg8 {[%emt 0:01:06]} 26. Rd4 {[%emt 0:03:49]} Rh5 {[%emt 0:00:47]} 27. c4 {[%emt 0:05:58]} Be6 {[%emt 0:00:40]} 28. Re4 {[%emt 0:01:10]} Rg5 {[%emt 0:01:03]} 29. f4 {[%emt 0:01:08]} Rh5 {[%emt 0:00:47]} 30. Rd3 {[%emt 0:01:17]} Ne7 {[%emt 0:00:58]} 31. Bd1 {[%emt 0:00:49]} Rh6 {[%emt 0:02:47]} 32. Bf3 {[%emt 0:00:34]} Kb6 {[%emt 0:05:09]} 33. Rb3+ {[%emt 0:00:46]} Ka6 {[%emt 0:02:04]} 34. Rb4 {[%emt 0:01:10]} c5 {[%emt 0:00:28]} 35. Rb3 {[%emt 0:00:32]} Nc6 {[%emt 0:01:16]} 36. Rb5 {[%emt 0:00:32]} Nd4 {[%emt 0:02:01]} 37. Rxc5 {[%emt 0:00:06]} Kb6 {[%emt 0:00:20]} 38. b4 {[%emt 0:00:16]} Rd8 {[%emt 0:00:45]} 39. Rxd4 {[%emt 0:00:33]} 1-0

[Event "11th LCC FIDE Open 2019"]
[Site "London"]
[Date "2019.11.29"]
[Round "1.36"]
[White "Jukes, Sam"]
[Black "Zapolskis, Antanas"]
[Result "1/2-1/2"]
[WhiteElo "1899"]
[BlackElo "2280"]
[Annotator "TA"]
[PlyCount "141"]
[EventDate "2019.11.29"]
[EventType "swiss"]
[EventCountry "ENG"]
[SourceTitle "playchess.com"]
[Source "ChessBase"]
[SourceQuality "1"]

{[%evp 20,141,18,31,45,45,58,68,68,44,39,49,75,43,36,42,72,75,80,50,50,56,50,65,77,69,81,65,78,80,110,97,114,55,47,12,75,14,27,26,60,57,44,0,0,0,0,0,0,-21,-1,-1,690,676,678,669,662,651,582,9,2678,2297,29963,29964,29962,29963,29962,29962,29961,29962,29961,1163,29964,29964,29964,29964,29968,29967,29967,29967,29972,29975,29975,29976,29976,29977,29976,29975,29974,29975,29975,29977,29976,29977,29978,29979,29979,29979,29980,29981,29981,29978,29978,29979,29978,29975,29975,29975,29976,29974,29975,29976,29977,29976,29977,29975,29976,29974,29976,29977,29980,29980,29977,0]} 1. e4 c5 2. Nf3 Nc6 3. d4 cxd4 4. Nxd4 Nf6 5. Nc3 e5 6. Ndb5 d6 7. Bg5 a6 8. Na3 b5 9. Nd5 Be7 10. Bxf6 Bxf6 11. c3 g6 {B33: Sicilian: Pelikan and Sveshnikov Variations} (11... Bg5 12. Nc2 Rb8 13. Be2 O-O 14. O-O Kh8 15. Bg4 Bb7 16. Ncb4 Nxb4 17. cxb4 g6 18. a4 bxa4 19. Rxa4 Bc6 20. Be2 Bxa4 21. Qxa4 f5 22. exf5 Rxf5 {½-½ (30) Giri,A (2783)-Carlsen,M (2835) Wijk aan Zee 2019}) 12. Nc2 O-O 13. a4 bxa4 {White is slightly better.} 14. Rxa4 Bg5 15. Bc4 Na5 16. Ba2 (16. h4 $5 {[%cal Rh4g5]} Bh6 17. Be2 $14) 16... Bd7 17. Ra3 Nb7 18. b4 a5 $146 ({Predecessor:} 18... Bb5 19. Nde3 a5 20. Qd5 Qd7 21. Nc4 Bxc4 22. Bxc4 axb4 23. Rxa8 Rxa8 24. cxb4 {½-½ (41) Svatos,J (2355)-Bauma,J (2220) Czechia 1998}) 19. O-O axb4 20. cxb4 Rxa3 21. Nxa3 Kh8 22. Qa1 Bh6 23. Nc4 Bb5 24. Bb3 f5 25. exf5 gxf5 26. f4 (26. Rd1 $16) 26... Bg7 27. Qa7 Bc6 (27... Qc8 $11 {keeps the balance.}) 28. Rd1 (28. Nce3 $16) 28... exf4 29. Nxf4 {And now Ne6 would win.} Qg5 30. Qf2 $36 {[%mdl 2048] Black must now prevent Ne6. White has the initiative.} Re8 31. Na5 Nxa5 32. bxa5 Be5 33. g3 Rb8 34. Bf7 Rb2 35. Qe3 $1 {aiming for Ng6+!} Be4 $2 {[%mdl 8192] [#]} (35... Qg7 $11 36. Bd5 Bxd5 37. Rxd5 Qc7) 36. Ng6+ $1 $18 {[%mdl 576] Discovered Attack} Qxg6 (36... hxg6 37. Qxg5) 37. Bxg6 {Intending Qh6! and mate.} Rg2+ 38. Kf1 {Qh6! would kill now.} Rxh2 {intending ...Rh1+.} 39. Bxf5 $2 (39. Qg5 $18 {White threatens Bf7 and mate.} hxg6 40. Qxg6) 39... Bxf5 $2 {[%mdl 8192] [#]} (39... Rh1+ $11 40. Kf2 Rh2+ 41. Ke1 (41. Kg1 Rh1+ 42. Kf2 Rh2+ 43. Kf1 Rh1+ 44. Kf2 $14) 41... Rh1+ 42. Ke2 (42. Kf2 Rh2+ 43. Kf1 Rh1+ 44. Kf2 $14) 42... Rh2+ 43. Kf1 Rh1+ 44. Ke2 (44. Kf2 Rh2+ 45. Kf1 $14) 44... Rh2+ 45. Qf2 Rxf2+ 46. Kxf2 Bxf5) 40. Rxd6 $3 {[%mdl 512]} Bh3+ {[#]} (40... Bxd6 41. Qd4+) 41. Kg1 $1 Rg2+ 42. Kh1 Bxd6 43. Qd4+ {[%mdl 64] Double Attack} Kg8 44. Qxd6 {[%mdl 4096] Endgame KQ-KRB} Re2 45. Qf4 (45. a6 $142 Re1+ 46. Kh2 Bg4 47. Qd5+ Be6 48. Qb5 Kf7 49. a7 Ra1 50. Qb7+ Kg6 51. Qe4+ Bf5 52. Qe8+ Kg5 53. Qg8+ Kh6 54. g4 Bxg4 55. Qf8+ Kg6 56. Qd6+ Kf5 57. Qd7+ Ke4 58. Qxg4+ Kd3 59. Qf3+ Kd2 60. a8=Q) 45... Be6 46. a6 {White mates.} Ra2 {[#]} 47. a7 $1 Bd5+ (47... Rxa7 48. Qb8+) 48. Kg1 h6 49. Qe5 Kh7 50. Qf5+ Kh8 51. Qxd5 Rxa7 {KQ-KR} 52. Kh2 Rg7 53. Qf5 Rg5 54. Qf3 Kh7 55. Kh3 Kg7 56. Kh4 Kg6 57. g4 Kg7 58. Qe4 Kg8 59. Qe7 Kh8 60. Kg3 Rg7 61. Qf8+ Kh7 62. Kf4 Rg5 63. Qe7+ Kg8 64. Kf3 Kh8 65. Qd6 Kh7 66. Kf4 Kg7 67. Qe6 Kh7 68. Qf6 Rg7 69. Kg3 Rg5 70. Kh4 Rg7 71. Kg3 $2 {Accuracy: White = 68%, Black = 27%.} (71. Qf5+ {mates} Kg8 72. Qe6+ Kh7 73. Qe4+ Kg8 74. Kh5 Kf8 75. Kxh6 Re7 76. Qf5+ Rf7 77. Qc5+ Ke8 78. g5) 1/2-1/2